| 000 | 01923cam a2200421 i 4500 | ||
|---|---|---|---|
| 003 | SA-RiAUC | ||
| 005 | 20250102082223.0 | ||
| 008 | 241221s2001 su g b f000 0 ara c | ||
| 020 | _a9960140822 | ||
| 020 | _z996140822 | ||
| 040 |
_aOM-MuSQU _bara _cSA-RiAUC _erda |
||
| 041 | 1 |
_aara _heng |
|
| 050 | 1 | 4 | _b. D7812 2001 |
| 050 | 4 | _b.D78 2001 | |
| 082 | 0 | 4 |
_a306.342 _qSA-RiAUC |
| 090 |
_a306.342 _b د ر ا |
||
| 100 | 1 |
_aدراكر، بيتر ف. _q(بيتر فرديناند)، _d1909-2005 _eمؤلف. |
|
| 240 | 1 | 0 |
_aPost-capitalist society. _lArabic |
| 245 | 1 | 0 |
_aمجتمع ما بعد الرأسمالية / _cتأليف بيتر دراكر ؛ ترجمة صلاح بن معاذ المعيوف ؛ راجع الترجمة عبد الله بن محمد الحميدان. |
| 264 | 1 |
_aالرياض : _bمعهد الإدارة العامة، مركز البحوث، _c2001 |
|
| 300 |
_a383 صفحة ؛ _c24 × 16 سم |
||
| 336 |
_aنص _btxt _2rdacontent _3كتاب |
||
| 337 |
_aبدون وسيط _bn _2rdamedia |
||
| 338 |
_aمجلد _bnc _2rdacarrier |
||
| 490 | 0 | _aسلسلة الكتب الجديدة | |
| 504 | _aيشتمل على ببليوجرافية. | ||
| 590 | _aأسماء / محمد / حميد. | ||
| 650 | 7 |
_aالرأسمالية _xجوانب اجتماعية _2aucsh |
|
| 650 | 7 |
_aالسياسة الدولية _yقرن 20 _2aucsh |
|
| 650 | 7 |
_aالاقتصاد _xتاريخ _yقرن 20 _2aucsh |
|
| 700 | 1 |
_aالمعيوف، صلاح معاذ _eمترجم. |
|
| 700 | 1 |
_aالحميدان، عبد الله محمد _eمراجع. |
|
| 700 | 1 | 2 |
_iترجمة لـ : _aدراكر، بيتر ف. _q(بيتر فرديناند)، _d1909-2005. _tPost-capitalist society. |
| 856 | 4 | _uhttp://10.0.0.80:1110/09-07-2013/cataloging/155%20(32).pdf | |
| 856 | 4 | _uhttp://10.0.0.80:1110/20-08-2013/Pub2/241%20(23).pdf | |
| 942 |
_2ddc _cBOOK _n0 |
||
| 949 |
_aSA-JeALM _d241221 _uosman123 _n1 |
||
| 999 |
_c4338 _d4338 |
||